Größte Hafenstädte der Welt - Statistiken

Allgemein
  • Dieses Quiz wurde 281 mal gespielt
  • Das Durchschnittsergebnis liegt bei 12 aus 30
Antwortstatistiken
Platz Containerumschlag Stadt Land % Korrekt
17. 9,27 Mio. Hamburg Deutschland
95%
10. 14,81 Mio. Rotterdam Niederlande
94%
2. 37,2 Mio. Singapur Singapur
89%
1. 43,3 Mio. Shanghai China
88%
8. 18,36 Mio. Hongkong (China)
81%
23. 7,47 Mio. New York/New Jersey Vereinigte Staaten
79%
13. 11,86 Mio. Antwerpen Belgien
77%
16. 9,34 Mio. Los Angeles Vereinigte Staaten
72%
29. 5,32 Mio. Manila Philippinen
67%
22. 7,6 Mio. Tanjung Priok (Jakarta) Indonesien
58%
28. 5,44 Mio. Valencia Spanien
55%
24. 7,23 Mio. Colombo Sri Lanka
47%
26. 5,65 Mio. Piräus Griechenland
45%
5. 23,24 Mio. Guangzhou China
43%
25. 7,22 Mio. Ho-Chi-Minh-Stadt Vietnam
41%
6. 22 Mio. Busan Südkorea
40%
4. 25,77 Mio. Shenzhen China
36%
9. 17,26 Mio. Tianjin China
22%
14. 11,12 Mio. Xiamen China
21%
21. 7,63 Mio. Long Beach Vereinigte Staaten
11%
19. 8,76 Mio. Dalian China
8%
3. 27,53 Mio. Ningbo-Zhousan China
7%
15. 10,43 Mio. Kaohsiung Taiwan
6%
12. 13,58 Mio. Port Klang Malaysia
5%
11. 14,11 Mio. Jebel Ali Vereinigte Arabische Emirate
4%
20. 8,11 Mio. Laem Chabang Thailand
3%
18. 9,1 Mio. Tanjung Pelepas Malaysia
2%
7. 21,01 Mio. Qindao China
1%
30. 5,15 Mio. Taicang China
1%
27. 5,48 Mio. Yingkou China
0%
Keine übereinstimmenden Quizze gefunden
Verteilung der Resultate
Anzahl Personen mit jedem Resultat
Perzentil nach korrekt beantworteten Fragen
Ihre Resultats-Entwicklung
Sie haben dieses Quiz noch nicht gespielt